000 00473nam a22001577a 4500
999 _c181675
_d181675
005 20210930124843.0
010 _aEN230921
020 _a9789389467512
_c350.00
037 _bSahitya Akademi
245 _aGuru Nanak:
_ba reader /
_cedited by Tejwant Singh Gill
260 _aNew Delhi
_bSahitya Akademi
_c2021
270 _aRabindra Bhavan, 35, Ferozshah Road
_bNew Delhi
_e110001
300 _axxx, 229p.
_c25cm(Hb)
700 _aGill, Tejwant Singh
942 _2ddc
_cEN
_mGUR